• 首页
  • 本馆介绍
  • 公告通知
  • 最新文献
  • 馆藏检索
  • 电子资源
  • 读者导购
  • 参考咨询
  • 我的图书馆
  • 登录
  • 详细信息显示
  • 放入我的书架
  • 预约/预借图书
  • 作者相关作品
  • 分类相关作品
  • 丛书相关作品
  • 出版社相关作品

书目信息

  • 表格格式
  • 工作单格式
  • 卡片格式
题名:
丽丽学数学
    
 
作者: 丁兰 编著
分册:  
出版信息: 北京   地质出版社  1982.10
页数: 101页
开本: 20cm
丛书名: 少年儿童趣味数学丛书
单 册:
中图分类: Z228.1
科图分类:
主题词: 百科全书--中国
电子资源:
ISBN:
000 00619nam0 2200229 450
001 0639295311
005 20060810105718.46
010    @dCNY0.32
091    @a7038.新68
100    @a20060810d1982 km y0chiy0120 ea
101 0  @achi
102    @aCN@b110000
200 1  @a丽丽学数学@Ali li xue shu xue@f丁兰 编著@Fding lan bian zhu
210    @a北京@c地质出版社@d1982.10
215    @a101页@d20cm
225 2  @a少年儿童趣味数学丛书
410  0 @12001 @a少年儿童趣味数学丛书
606 0  @a百科全书@x中国
690    @aZ228.1@v3
701  0 @a丁兰@Ading lan@4编著
801  0 @aCN@bPFT@c20060810
905    @a10447@dZ228.1@e156
    
    丽丽学数学/丁兰 编著.-北京:地质出版社,1982.10
    101页;20cm.-(少年儿童趣味数学丛书)
    
    
    ISBN :CNY0.32
    
●
相关链接 在E读中查询图书 在五车中查询图书 在当当中查询图书 在豆瓣中查询图书


正题名:丽丽学数学     索取号:Z228.1/156         预约/预借

序号 登录号 条形码 馆藏地/架位号 状态 备注
1 0452128   204521286   密集书库/ [索取号:Z228.1/156] 在馆    
唐山师范学院图书馆 欢迎您!
大连网信软件有限公司© 版权所有